000 00405pab a2200145 454500
008 180718b1986 xxu||||| |||| 00| 0 eng d
100 _aBornins, Sandford F.
245 _aManagement of the public sector in Japan
_bAre there lessons to be learned
260 _c1986
300 _a175-96
362 _aSummer
650 _aCivil service - Japan
773 _aCanadian Public Administration
909 _a5787
999 _c5787
_d5787